Quizzes
Events
Quiz Creation
Community
Videos
Private Events
Remove Ads
Sign In
Join for FREE
Feedback
Dark Mode
Quiz Categories
Sports
Geography
Music
Movies
Television
Just For Fun
Miscellaneous
History
Literature
Language
Science
Gaming
Entertainment
Religion
Holiday
For Kids
Quiz Lab
Recent
Popular Today
Quiz Kudos Today
Editor Picks
Curator Picks
Quizzes by...
Day
Popularity
Type
Ratings
Length
Year
Community
Subscriptions
Recent Discussions
Orange Saloon
Badges
Playlists
Quests
Create
Leaderboards
Showdown
Live 5
Trivia Bingo
Activity
Puzzle Library
Sporcle Events
Private Events
Virtual Trivia
Globe League
Become a Host
Pub Owners
SporcleCon
Opinionation
Our Games
Videos
Blog
Mobile Apps
Partnerships
Remove Ads and Go Orange
Feedback
Music
Pop Music
The Beatles
Song
Album
Lyrics
Bands
Singers
Artist
Clip
Rock
Rap
Classical
Billboard
Country Music
Kpop
Taylor Swift
Music
Pop Music
The Beatles
Song
Album
Lyrics
Bands
Singers
Artist
Clip
Rock
Rap
Classical
Billboard
Country Music
Kpop
Taylor Swift
Random Quiz
Search Sporcle
×
Quiz Lab
Quiz Lab
Music
Lyrics
Type in answers that appear in a list
Type in answers that appear in a list
Classic
Best Score? Go Orange.
1D Stockholm Syndrome Stats
Can you name the lyrics to Stockholm Syndrome?
By
fandom_obsessed
10m
172 Questions
454 Plays
454 Plays
454 Plays
Comments
Comments
Give Quiz Kudos
Give Quiz Kudos
-
- Ratings
hide this ad
Replay
Link that replays current quiz
Next Quiz
Link to next quiz in quiz playlist
You Got
0%
They Got
Avg Score
83%
Avg Friend Score
Upgrade to see
Score Distribution
Jump to the score distribution portion of the page
Score
0/172
Timer
10:00
0
Plays Today
Hint
Answer
% Correct
me
97.1%
me
97.1%
me
97.1%
me
97.1%
me
97.1%
me
97.1%
me
97.1%
me
97.1%
me
97.1%
me
97.1%
Harry
Who's
95.8%
that
95.8%
holding
95.8%
that
95.8%
holding
95.8%
holding
95.8%
holding
95.8%
be
95.2%
be
95.2%
you
94.5%
you
94.5%
you
94.5%
you
94.5%
you
94.5%
shadow
94.1%
this
94.1%
never
94.1%
to
94.1%
to
94.1%
to
94.1%
never
94.1%
this
94.1%
to
94.1%
never
94.1%
this
94.1%
this
94.1%
to
94.1%
to
94.1%
to
94.1%
go
94.1%
for
93.6%
for
93.6%
I've
93.2%
I've
93.2%
been
92.3%
days
92.3%
been
92.3%
know
92.1%
know
92.1%
here
91.9%
the
91.9%
hostage
91%
Who's
90.5%
I'm
90.5%
gonna
90.5%
away
90.5%
I'm
90.5%
Louis
Who's
90.5%
Hint
Answer
% Correct
telling
90.3%
get
90.3%
Chorus
Baby
90.3%
look
90.3%
Baby
90.3%
look
90.3%
Baby
90.3%
Baby
90.3%
look
90.3%
Baby
90.3%
Baby
90.3%
Harry
Baby
90.3%
look
90.3%
what
90.1%
done
90.1%
what
90.1%
done
90.1%
what
90.1%
done
90.1%
what
90.1%
done
90.1%
you've
89.2%
you've
89.2%
you've
89.2%
you've
89.2%
But
89%
But
89%
But
89%
But
89%
soon
87.9%
soon
87.9%
I'll
87.7%
I'll
87.7%
no
87.7%
coming
87.2%
coming
87.2%
whisper
87%
find
87%
now
87%
way
87%
way
87%
now
87%
find
87%
now
87%
keep
86.8%
keep
86.8%
if
86.3%
if
86.3%
use
86.1%
leave
85.9%
leave
85.9%
they'll
85.5%
they'll
85.5%
used
85.2%
Used
85.2%
your
84.6%
your
84.6%
Being
84.4%
Hint
Answer
% Correct
being
84.4%
Stockholm
84.1%
Syndrome
83.5%
getting
83.3%
by
83.3%
Zayn
I
82.8%
and
82.8%
Niall
I
82.8%
I
82.8%
I
82.8%
And
82.8%
got
81.9%
man
81.9%
hand
81.7%
held
81.5%
in
81.5%
talking
81.1%
'bout
81.1%
'bout
81.1%
is
80.4%
eyes
80%
my
80%
my
80%
my
80%
tied
79.3%
down
78.9%
that's
78.9%
room
78.4%
fell
77.5%
Yeah
76.9%
mind
76.2%
free
74.7%
changed
74%
his
73.6%
he's
72.9%
sing
65.6%
on
63.9%
Liam
All
61.7%
life
61.2%
own
60.4%
there's
56.4%
wanna
56.2%
I'd
54.6%
place
53.7%
other
53.5%
alone
52.2%
ever
52%
home
51.1%
light
49.8%
we're
49.1%
guide
47.1%
together
44.3%
a
25.3%
Chorus
Chorus
21.4%
Chorus
chorus
21.4%
still
13.7%
Quiz Playlist
Details
Report
Send in Message
Add To Playlist
Classic:
Type in answers that appear in a list
Last Updated: Feb 16, 2017
Quiz Scoreboard
CHALLENGE
Sign Up to Join the Scoreboard
Show All
Scores
Hide
Comments
May contain spoilers
Recently Published
College Basketball Coaching Resumes
by pancakes188
Sports
9m
Billboard Blitz: Fleetwood Mac
by CooCooCachoo
Music
15s
Presidents Visiting Landmarks
by Hejman
History
7m
More to Explore
Quiz From the Vault
Featured Blog Post
Where Did the Easter Bunny Come From?
hide this ad
You Might Also Like...
Tags
Lyrics Quiz
One Direction
stockholm
Syndrome
Today's Top Quizzes in Music
Browse Music
hide this ad
Today's Top Quizzes in Lyrics
Browse Lyrics
Top Contributed Quizzes in Music
1
Taylor Swift All Songs (2024)
2
Guess the Artist- 70s Songs
3
7-to-1: Billboard Hot 100 #1 Hits of 2010s
4
Sorting Albums and Songs
5
Taylor Swift Logic Puzzle
6
KPOP LOGIC QUIZ
7
Guess the Taylor Swift song (Mystery Song)
8
One Thing in Common: Music
9
2010s Album by Cover III
10
Guess The Taylor Swift Lyrics Song #1
Explore More
Trending Topics
Disney
Harry Potter
Anime
NBA
Kpop
Crossword
Marvel
Puzzle
Soccer
Song
NFL
Pokémon
Country
The Office
WWE
hide this ad
More By:
fandom_obsessed
Quiz
Plays
Rating
Category
Featured
Created
1D Stockholm Syndrome
454
4.00
Music
Jan 16, 2017
'All Weekend Long' by Jack and Jack
203
Music
Dec 23, 2016
'Higher' by Sammy Wilk Lyrics
14
Music
Dec 23, 2016
Go to Creator's Profile
Score Distribution
Quiz Creator Spotlight
fandom_obsessed
Follow
Send a Message
Quizzes Created
-
Created Quiz Play Count
-
More By This Creator
Popular Quizzes Today
1
Find the US States - No Outlines Minefield
2
Find the Countries of Europe - No Outlines Minefield
3
The Countries of the World
4
Find the US States
5
Risky Map Clicking: Biggest States A-Z
6
US States
7
Popular People in 1961
8
Movies - When Are They Set?
More Music Quizzes
Faces of Songs IV
Published
Trending Quizzes
Risky Map Clicking: Least Populous States A-Z
1-10 Letter G Words
1-10 Letter F Words
Risky Map Clicking: Next State Alphabetically
Adjectives in 80s TV Shows
Recently Updated
Leaping Animals
pecheneg
Reality TV Shows (A-Z)
bhenderson79
Rickey Henderson's Hall of Fame Teammates
pecheneg
Champions League XIs: Arsenal
pecheneg
Quick Pick: Celebrities in WWE's Hall of Fame
aduchscher
A-Z Keypad Blitz II
pecheneg
Multiple Oscar Actors
pecheneg
Mystery Phrase Blitz: Oscar 'Best Actors'
pecheneg
F. Scott Fitzgerald Novels
LTH
Pick 3 Villains
ddd62291
Trending Topics
Kpop
NBA
Marvel
Crossword
Anime
Disney
Harry Potter
Pokémon
Soccer
The Office
Song
Puzzle
Country
WWE
NFL
Your Account Isn't Verified!
In order to create a playlist on Sporcle, you need to verify the email address you used during registration. Go to your
Sporcle Settings
to finish the process.
Report this User
Report this user for behavior that violates our
Community Guidelines
.
Details:
Send Report
Go to the Sporcle.com Mobile Site →
Comments